| 000 | 00515nam a2200169 i 4500 | ||
|---|---|---|---|
| 001 | 47004 | ||
| 003 | ES-MaACL | ||
| 005 | 20230906161503.0 | ||
| 007 | t| | ||
| 008 | 030402s1973 sp ||||1| spa d | ||
| 245 | 0 | 0 |
_aContestación universitaria _b: universidad y política / _cCh. Bay ... [et al.] ; [traducción de José Rovira]. |
| 250 | _a1ª ed. | ||
| 260 |
_a[barcelona] : _bPenínsula, _c[1973] |
||
| 300 |
_a294 p. ; _c20 cm. |
||
| 700 | 1 |
_aRovira, José. _9100128 |
|
| 852 |
_aES-MaACL _jC-49594 _bR.87841 |
||
| 999 |
_c47004 _d47004 |
||